15 biggest cities in the U.S. that start with the letter E - Statistics

General Stats
  • This quiz has been taken 34 times
  • The average score is 8 of 15
Answer Stats
Hint Answer % Correct
TX681,723 Sun City El Paso
97%
OR178,786 The Emerald Empire Eugene
87%
IN115,395 The River City Evansville
87%
NJ140,413 No Nickname Elizabeth
73%
PA92,940 Flagship City Erie
70%
IL76,006 Heavenston Evanston
63%
WA113,011 The Pulp City Everett
60%
CA148,847 The Heart of San Diego North Escondido
53%
WI72,331 Sawdust City Eau Claire
50%
IL114,701 The City in the Suburbs Elgin
43%
CA103,291 The Drawer El Cajon
37%
OK100,040 The Crown Jewel of Oklahoma Edmond
30%
CA182,797 No Nickname Elk Grove
30%
TX108,733 Gateway City to the Rio Grande Valley Edinburg
23%
CA104,639 The End of the Santa Fe Trail El Monte
23%
No matching quizzes found
Score Distribution
Percent of People with Each Score
Percentile by Number Answered
Your Score History
You have not taken this quiz